| 000 | 00570nam a2200229Ia 4500 | ||
|---|---|---|---|
| 008 | 170918s9999 xx 000 0 und d | ||
| 020 | _a9780545227759 | ||
| 050 | _bS857th 2011 | ||
| 100 | _aStilton, Geronimo | ||
| 245 | _aThea Stilton : | ||
| 245 | _bbig trouble in the big apple / | ||
| 245 | _cby Geronimo Stilton. | ||
| 260 | _aNew York : | ||
| 260 | _bScholastic, | ||
| 260 | _c2011 | ||
| 300 | _a156 pages : | ||
| 300 | _bcolor illustrations ; | ||
| 300 | _c19cm. | ||
| 300 | _eGeronimo Stilton special edition ; | ||
| 440 | _a8 | ||
| 500 | _a720 | ||
| 999 |
_c343784 _d343784 |
||